La producción industrial: su administración

Saved in:
Bibliographic Details
Main Author: Lockyer, Keith G. (autor)
Format: Book
Language:Spanish
Published: Ciudad de México Representaciones y Servicios de Ingeniería 1988
Subjects:
Tags: Add Tag
No Tags, Be the first to tag this record!

MARC

LEADER 00000nam a2200000 a 4500
001 UCV4734
003 CL-VaPUC
008 910916e19880000MX |||||||||||||||||spa|d
082 0 4 |a 658.5  |b LOC  |2 21 
100 |a Lockyer, Keith G.  |e autor  |9 414719 
245 1 3 |a La producción industrial: su administración 
300 |a 583 p 
942 |c BK 
945 |d 19910916 00:00:00 
260 |a Ciudad de México  |b Representaciones y Servicios de Ingeniería  |c 1988 
650 0 |a Gestión de la producción   |9 259467 
583 |a last modification  |c 20131021 05:49:32  |k Rodrigo Vera 
999 |c 211430  |d 211428 
952 |0 0  |1 0  |4 0  |6 658_500000000000000_LOC_1988  |7 0  |8 A  |9 190759  |a BIBING  |b BIBING  |d 2019-11-14  |i 2583887  |o 658.5 LOC 1988  |p 2583887  |r 2025-01-20  |w 2019-11-14  |y BK  |k TRA